| 000 | 00340nam a2200133Ia 4500 | ||
|---|---|---|---|
| 005 | 20251222142018.0 | ||
| 008 | 251222s9999||||xx |||||||||||||| ||spa|| | ||
| 082 | _a278.385/H41/1995 | ||
| 100 | _aHeras, Julián | ||
| 245 | 0 | _aEl Convento de los Descalzos de Lima | |
| 250 | _a1ra.ed. | ||
| 264 | _bConvento de los Descalzos | ||
| 942 | _cLIB | ||
| 999 |
_c10570 _d10570 |
||